|
|
|
|
| LEADER |
00000nam0a2200000 4500 |
| 001 |
255427 |
| 005 |
20231101233026.0 |
| 020 |
|
|
|a RU
|b 89-56783
|
| 035 |
|
|
|a (RuTPU)RU\TPU\book\277937
|
| 090 |
|
|
|a 255427
|
| 100 |
|
|
|a 20140328d1989 k a0rusy5003 ca
|
| 101 |
0 |
|
|a rus
|
| 102 |
|
|
|a UA
|
| 105 |
|
|
|a y z 101zy
|
| 200 |
1 |
|
|a Четырнадцатое Всесоюзное (Пекаровское) совещание по теории полупроводников, Донецк, 3-5 окт. 1989 г.
|e тезисы докладов
|f Донецкий государственный университет ; Академия наук Украинской ССР (АН УССР), Донецкий физико-технический институт ; под ред. М. А. Белоголовского
|
| 210 |
|
|
|a Донецк
|c ДонФТИ
|d 1989
|
| 215 |
|
|
|a 246 с.
|c ил.
|
| 320 |
|
|
|a Библиогр. в конце докл.
|
| 606 |
1 |
|
|a Полупроводники
|2 stltpush
|3 (RuTPU)RU\TPU\subj\50553
|9 69206
|
| 610 |
1 |
|
|a совещания
|
| 610 |
1 |
|
|a электронно-дырочные структуры
|
| 610 |
1 |
|
|a исследования
|
| 610 |
1 |
|
|a низкоразмерные системы
|
| 610 |
1 |
|
|a оптические свойства
|
| 610 |
1 |
|
|a полупроводниковая электроника
|
| 610 |
1 |
|
|a высокотемпературные сверхпроводники
|
| 675 |
|
|
|a 537.311.322(063)
|z rus
|
| 702 |
|
1 |
|a Белоголовский
|b М. А.
|4 340
|
| 712 |
0 |
2 |
|a Донецкий государственный университет
|2 stltpush
|3 (RuTPU)RU\TPU\col\7964
|9 24441
|
| 712 |
1 |
2 |
|a Теория полупроводников
|c совещание
|d 14
|e Донецк
|f 1989
|
| 712 |
0 |
2 |
|a Академия наук Украинской ССР (АН УССР)
|b Донецкий физико-технический институт
|2 stltpush
|3 (RuTPU)RU\TPU\col\12742
|
| 801 |
|
0 |
|a RU
|b RuMRKP
|c 19950417
|g psbo
|
| 801 |
|
1 |
|a RU
|b 63413507
|c 20140328
|
| 801 |
|
2 |
|a RU
|b 63413507
|c 20140625
|g RCR
|
| 942 |
|
|
|c BK
|